Managing the German economy : budgetary politics in a federal state /

Bibliographic Details
Main Author: Knott, Jack H., 1947-
Format: Book
Language:English
Published: Lexington, Mass. : Lexington Books, [1981]
Subjects:

MARC

Tag First Indicator Second Indicator Subfields
LEADER 00000pam a2200000 a 4500
001 in00000640021
005 20151015054427.0
008 810305s1981 maua b 00110 eng
010 |a  80008888  
020 |a 0669044016 
035 |a (OCoLC)07275788 
035 |9 ACU8340AM 
039 0 |a 2  |b 3  |c 3  |d 3  |e 3 
040 |a DLC  |c DLC  |d TXA  |d UtOrBLW 
043 |a e-gw--- 
049 |a TXAM  |c [800159] 
050 0 0 |a HJ1120  |b .K59 
082 0 |a 332.5/23/0943  |2 19 
100 1 |a Knott, Jack H.,  |d 1947- 
245 1 0 |a Managing the German economy :  |b budgetary politics in a federal state /  |c Jack H. Knott. 
264 1 |a Lexington, Mass. :  |b Lexington Books,  |c [1981] 
264 4 |c ©1981 
300 |a xviii, 215 pages :  |b illustrations ;  |c 24 cm. 
336 |a text  |b txt  |2 rdacontent 
337 |a unmediated  |b n  |2 rdamedia 
338 |a volume  |b nc  |2 rdacarrier 
500 |a Includes index. 
504 |a Bibliography: pages 203-210. 
650 0 |a Fiscal policy  |z Germany (West) 
650 0 |a Budget  |z Germany (West) 
651 0 |a Germany (West)  |x Economic policy. 
999 |a MARS 
999 f f |s f9acbf11-cfb1-3176-ac0a-c3c1fa7adce8  |i 1df1cdb7-d161-367d-bc29-c76f4e5006cf  |t 0 
952 f f |p ric  |a Texas A&M University  |b Rellis Campus  |c Joint Library Facility  |d Remote Storage  |t 0  |e HJ1120 .K59  |h Library of Congress classification  |i unmediated -- volume  |m A14802894321 
998 f f |a HJ1120 .K59  |t 0  |l Remote Storage